[Event "World Championship 33th-KK3"]
[Site "London/Leningrad"]
[Date "1986.08.11"]
[Round "6"]
[White "Kasparov, Garry"]
[Black "Karpov, Anatoly"]
[Result "1/2-1/2"]
[WhiteElo "2740"]
[BlackElo "2705"]
[Annotator "ChessBase"]
[PlyCount "83"]
[EventDate "1986.07.??"]
[EventType "match"]
[EventRounds "24"]
[EventCountry "RUS"]
[Source "ChessBase"]

1. e4 e5 2. Nf3 Nf6 3. Nxe5 d6 4. Nf3 Nxe4 5. d4 d5 6. Bd3 Nc6 7. O-O Bg4 8. c4
Nf6 9. Nc3 Bxf3 (9... Nxd4 10. Qe1+ Ne6 11. Ne5 $16) 10. Qxf3 Nxd4 11. Qe3+ {
11.Re1 -Kasparov-Karpov(15), Moscow m(II) 1985 11.Qh3!? -Howell-van Kemenade,
England 1991} (11. Qd1 Ne6 12. cxd5 Nxd5 13. Bb5+ c6 14. Nxd5 cxb5 $13) 11...
Ne6 12. cxd5 Nxd5 (12... Bc5 $2 13. Qf3 Nd4 14. Re1+ Kf8 15. Qf4 Nxd5 16. Nxd5
Qxd5 17. Qxc7 Ne6 18. Qg3 Rd8 19. Rd1 h5 20. h4 $16 {Karpov}) 13. Nxd5 Qxd5 14.
Be4 Qb5 15. a4 (15. Qf3 $2 Nd4) 15... Qa6 $1 (15... Qb6 $2 16. a5 $1 $16 {
Forintos, Haag}) (15... Qc5 $2 16. Bxb7 Rb8 17. b4 $1 Qb6 (17... Qxe3 18. Bc6+
Ke7 19. Bxe3 $16) 18. Qxb6 cxb6 19. Bc6+ Kd8 20. Rd1+ Kc7 21. b5 Rd8 22. Rxd8
Nxd8 23. Bd5 Ne6 24. Bxe6 fxe6 25. Bf4+ $16 {Ivanchuk-Serper, Sochi 1986}) 16.
Rd1 $1 (16. Qf3 $2 Nd4 $1 (16... Nc5 $2 17. b4 Nxe4 18. Qxe4+ Be7 19. Bg5 $1 f6
(19... Qe6 $2 20. Qxb7 {/\ Rfe1}) 20. Bf4 {/\ Re1} Kf7 (20... Qc6 21. Qe2 {
/\ Rfe1; Rac1}) 21. b5 Qb6 (21... Qe6 22. Qxb7 $18) 22. Qd5+ Kf8 23. a5 c6 24.
axb6 cxd5 25. bxa7 $18 {Hobuss (NIC 7 1986)}) (16... Rb8 $5 17. b4 Bxb4 18. Rb1
c5 19. Bb2 {|^ Rausis} O-O 20. Qh5 (20. Qh3 Ng5 21. Qg3 f6 22. Bd5+ Kh8 23. h4
Ne6 $17) (20. Qf5 g6 21. Qe5 (21. Qf6 Nd4 $1) 21... f6 22. Qg3 (22. Qd5 Rbd8
23. Qb3 Kg7) 22... Rbd8 23. Rbd1 (23. Bxg6 $2 hxg6 24. Qxg6+ Ng7 25. Rbd1 Bd2
$1 {/\ Qd3}) (23. f4 $2 f5) 23... Bd2 $1 $17) 20... g6 21. Qh6 Qe2 $1 22. Bd5
Qd2 $17 {Hobuss (NIC 7 1986)}) 17. Qe3 O-O-O $1 {Kasparov} (17... Ne2+ $6 18.
Kh1 Ng3+ 19. hxg3 Qxf1+ 20. Kh2 $44)) (16. Bd3 Qb6 17. Qh3 $13 {Makarychev}) (
16. b4 Bxb4 17. Rb1 Bc5 18. Qf3 c6 19. Rxb7 O-O $10) 16... Be7 (16... Bc5 $6
17. Qf3 c6 (17... Rd8 18. Rxd8+ (18. Re1 O-O $13) 18... Nxd8 19. Bf4 $1 {
/\ Bc7+/= Makarychev} O-O (19... Ne6 20. Be5 $1 O-O $140 (20... Ng5 $140 21.
Qf5 $18) 21. Qf5 $18) 20. Qh5 $14 {Forintos, Haag}) 18. Rd7 $3 {Nunn} O-O $1 (
18... Kxd7 $2 19. Qxf7+ Be7 (19... Kd6 20. Bf4+ Nxf4 21. Qxf4+ Ke7 22. Qe5+ Kf7
23. Qf5+ Ke8 24. Qxc5 $18 {Kasparov}) 20. Bf5 c5 (20... Qe2 21. Be3) (20... Qc4
21. Bg5 (21. Bf4 $1 {Kasparov}) 21... Rhe8 22. Rd1+ Kc7 23. Bxe7) 21. Bg5 Qd6
22. Bxe6+ Qxe6 23. Rd1+) 19. Bd3 (19. b4 Bd4) 19... Qb6 (19... Qa5 $2 20. Bd2
$1 Qb6 21. b4 Bd4 22. a5 $18) (19... b5 $2 20. b4 Bxb4 21. Qe4 $18) 20. a5 Qb4
21. Bd2 $1 Qh4 (21... Qxb2 $2 22. Bc3 Qb3 23. Qh5 (23. Bxg7 Kxg7 24. Qg4+ Kh8
25. Qf5 $18 {Kasparov}) 23... g6 24. Bxg6 $18) 22. Rxb7 $142 (22. g3 Qf6 (22...
Qh3 $2 23. Bf5) 23. Qxf6 gxf6 $13 24. Rxb7 $2 Rfd8 25. Rb3 Nd4 26. Rc3 Bb4 $19)
22... Rad8 23. Bc3 $14 {Kasparov}) (16... Bd6 $5 {/\ 0-0-0 Makarychev}) 17. b4
(17. Qh3 Rd8 18. Rxd8+ Bxd8 19. Be3 Bf6 $1 $132 {Kasparov}) (17. b3 Bf6 $1 18.
Ra2 O-O {Kasparov}) (17. Qf3 Rb8 $5 (17... c6 $6 18. Bf5 O-O $140 19. Qh3 $1
$16 {Ivanchuk}) (17... Rd8 18. Bd3 (18. Rxd8+ $5 Nxd8 19. Be3 $44 (19. Bf4 $44
{Ivanchuk})) 18... Qa5 $1 (18... Nd4 19. Qg4 $1 (19. Qg3 Ne2+ 20. Bxe2 Qxe2 21.
Rxd8+ Bxd8 22. Be3 O-O 23. Bd4 $44) 19... Qf6 20. Be3 Ne6 21. Qe4 $16) (18...
Qb6 $5 19. Be3 Qxb2 20. Rab1 Qc3 $13 (20... Qa3 $6 21. Qxb7 O-O 22. Qe4 g6 23.
Bxa7 $16)) 19. Bd2 (19. Qxb7 $2 Rxd3 $1 $19) 19... Bb4 $8 20. Be3 (20. Bb5+ $6
c6 21. Bxc6+ bxc6 22. Qxc6+ Kf8 23. Bxb4+ Qxb4 24. Rxd8+ Nxd8 25. Qd7 (25. Qd5
Qb8 $1 $17) 25... Qe7 26. Rd1 Qxd7 27. Rxd7 Ke8 28. Rxa7 h5 $17) 20... O-O (
20... c6 21. Qe4 (21. Bc4 $5 Rxd1+ 22. Rxd1 Qxa4 23. b3 Qa5 24. Qe4 $44) 21...
g6 22. Bc4 Rxd1+ 23. Rxd1 Qf5 $1 24. Qxf5 (24. Qh4 Be7) 24... gxf5 25. Bxa7 Ke7
26. Bb6 $14) 21. Qxb7 Nc5 $10 22. Bxc5 Bxc5 23. Qb5 {
1/4-1/4 Timman-Yusupov (2), Hilversum m 1986 42/381}) 18. b4 (18. Qh3 $5) (18.
Qh5 $5 {Rosendaal}) 18... O-O 19. Rd7 $6 (19. Bb2 $5 $44) 19... Rbd8 $3 $17 {
Ivanchuk - Howell, Groningen 1986/87 -43/389}) 17... O-O $1 (17... Bxb4 $2 18.
Qf3 (18. Bb2 O-O 19. Qh3 g6 (19... Ng5 20. Qg4 Qh6 21. Bc1 $1 Be7 22. h4 $18) (
19... f5 20. Bxf5 Ng5 21. Qb3+ Kh8 22. Rd7 $18) 20. Rd3 $1 {/\ Qh7} h5 (20...
Ng5 21. Qh6 f6 22. Bd5+ Kh8 23. Qxg5 $1) 21. Qxh5 $1 gxh5 22. Rg3+) 18... c6 (
18... Nc5 19. Rd4 $18 {Timman}) (18... Rb8 19. Bb2 O-O $2 20. Qf5 g6 21. Qf6
$18 {Kasparov}) 19. Rd7 $1 O-O $1 (19... Be7 20. Rxb7 Nd4 21. Rxe7+ Kxe7 22.
Ba3+ $18 {Kasparov}) (19... Nd8 20. Bf5 O-O 21. Bb2 $18 {Kasparov}) (19... Kxd7
20. Qxf7+ Kd6 21. Bg5 $3 (21. Bf4+ $2 Nxf4 22. Rd1+ Nd5 23. Bxd5 Qe2 24. Bf3+
$13) 21... Nxg5 (21... Rhe8 22. Rd1+ Kc5 23. Be3+ Kc4 24. Bd3+ $18) 22. Rd1+
Kc5 23. Qe7+ Kc4 24. Bd3+ Kb3 25. Rb1+ Kc3 26. Qxb4+ Kxd3 27. Rd1+ $18 {
Kasparov}) 20. Qh3 g6 (20... h6 21. Bxh6) 21. Bxg6 $1 hxg6 22. Bb2 Ng7 23. Qh6
$18 {Dlugy}) (17... Bf6 $2 18. b5 Qb6 19. Qxb6 axb6 20. Bxb7 Bxa1 21. Bxa8 O-O
22. Bc6 Rd8 23. Rxd8+ Nxd8 24. Bd5 $16 {Kasparov}) 18. Qh3 $1 (18. b5 Rad8 $1 {
Makarichev}) (18. Qf3 Rad8 $1 {Makarichev}) 18... g6 (18... h6 $2 19. Qf5 (19.
b5 $2 Qb6 20. Be3 Bc5 21. Bxh6 Bxf2+ 22. Kf1 Rfd8 23. Bh7+ Kf8 {Kasparov})
19... g6 20. Qf3 {/\ Bb7; Bh6} (20. Qe5 Ng5 21. Bxb7 $1 Qxb7 22. Bb2 f6 23.
Qxe7 $16 {Kasparov})) 19. Bb2 {/\ Qc3} (19. b5 Rad8 $1 20. Re1 (20. Bh6 Rxd1+
21. Rxd1 Qxa4) 20... Qb6) (19. Qc3 $1 Ng5 $1 (19... f5 $2 20. Bd5 Bf6 21. Qb3
Bxa1 22. Bxe6+ $18) (19... c5 $6 20. Bb2 Nd4 21. Bd3 Qb6 22. a5 Qc7 23. bxc5
Bxc5 24. Bf1 Rfd8 25. Ra4 Rac8 $140 26. Raxd4 Bxd4 27. Qxc7 Rxc7 28. Rxd4 Rxd4
29. Bxd4 $16 {Aseev-Ivanchuk, Irkutsk 1986 42/(380)}) 20. Bxg5 (20. Bb2 Bf6 $1
21. Qxf6 Qxf6 22. Bxf6 Nxe4 23. Be7 Rfe8 24. Rd7 Nc3 $1 $10) 20... Bxg5 21.
Qxc7 (21. a5 Qe6) 21... Rad8 $1 $10 {Kasparov} (21... Rab8 $2 22. b5 Qb6 23.
Qxb6 axb6 24. Rd6 $1 $16) (21... Rac8 $2 22. Bxb7 $1 Rxc7 23. Bxa6 $16) 22.
Rxd8 $140 Rxd8 23. Bxb7 Qe2 24. Bf3 Qb2 $14 25. Rf1 $14) 19... Qc4 $1 (19...
Nf4 $2 20. Qe3 $1 Qe2 (20... Bg5 21. Kh1 {/\ Qc3}) 21. Qd4 f6 22. Bf3 $1) (
19... Bxb4 $2 20. Rd3 $1 {/\ Qh7} Ng7 21. Qh6 f6 22. Rd7 $18) (19... Ng5 $2 20.
Qh6 Bf6 21. Bxb7 $1 $18 {Kasparov}) 20. Rd7 $5 (20. Bxb7 $6 Rad8 $1 (20... Rab8
$6 21. Bd5 Qc2 22. Be5) 21. Qc3 (21. Rdc1 Qxb4 22. Ba3 Qxb7 23. Bxe7 Nf4 24.
Qg4 Rfe8) 21... Rxd1+ 22. Rxd1 Qxc3 23. Bxc3 Rb8 {Kasparov}) (20. Re1 Rad8 $1 (
20... Bxb4 $2 21. Re3 $1 {/\ Qh7}) 21. Bxg6 (21. Re3 Bg5) 21... fxg6 22. Rxe6
Qc2 {Kasparov}) (20. Bd5 Qc2 21. Be5 (21. Rab1 $5 Rad8 22. Rdc1 $1 $10) 21...
Rad8 22. Rac1 (22. Rd3 Bg5 23. Rad1 c6 24. Qxe6 Rxd5 $1 $19) (22. Rdc1 Qd2 $1
23. Bxe6 fxe6 24. Qxe6+ Rf7 {Karpov} 25. Bg3 $15 {Kasparov} (25. Rxc7 $2 Qxf2+
26. Kh1 Rd2 27. Rc8+ (27. Rg1 Qxg1+ $1) 27... Bf8 28. Rxf8+ Kxf8 29. Qc8+ Ke7
30. Qxb7+ Ke6 $19)) 22... Qxc1 $1 23. Rxc1 Rxd5 $15 24. Bb2 $2 Rfd8 25. Qf3 Rd3
$17 {Makarychev}) 20... Rae8 $1 (20... Qxe4 $2 21. Qc3 f6 (21... Nd4 22. Re1 (
22. Rxd4 Qe5 23. Re1 Qf6 24. Rxe7 Qxe7 25. Re4 $18 {Kasparov}) 22... Qf4 23.
Rxd4 Qf6 24. Rxe7 Qxe7 25. Re4 $18 {Makarychev}) 22. Rxe7 $40) (20... Bxb4 $2
21. Bxg6 $1 {Kasparov}) (20... Bd6 $2 21. Bxg6 $1 {Kasparov}) (20... Qxb4 $2
21. Bxg6 Ng5 (21... fxg6 22. Qxe6+ Rf7 23. Bf6 $1 Re8 24. Re1 $18) 22. Bxh7+
Nxh7 23. Ba3 $1 Qh4 24. Bxe7 Qxh3 25. gxh3 Rfc8 26. Ra3 $16 {Karpov}) 21. Bd5 (
21. Bxb7 $2 Qxb4 22. Ba3 Qxa4 23. Rxe7 Rxe7 24. Qc3 (24. Bb2 Nf4) 24... c5 $1
25. Bb2 Nd4 26. Rxa4 Ne2+ 27. Kf1 Nxc3 28. Bxc3 Rxb7 $19 {Makarychev}) (21. Re1
Qxb4 22. Bc3 Ng5 (22... Qxa4 $2 23. Bxg6 $1) 23. Qd3 Qxa4 24. Bxg6 $1 (24. Rd4
Qa3 (24... Qa6 $2 25. Qxa6 bxa6 26. Bc6) 25. Ra1 Qc5 26. Rd5 Nxe4 $1 27. Rxc5
Bxc5 $17) 24... hxg6 (24... Bf6 $2 25. Bxf7+ $1 Nxf7 26. Qg3+ Ng5 27. Qxg5+ $1)
25. Rexe7 Rxe7 26. Rxe7 Qf4 (26... Re8 $2 27. Qd4 $1 $18) 27. Qxg6+ $1 fxg6 28.
Rg7+ Kh8 29. Rf7+ $10 {Kasparov}) 21... Qxb4 22. Bc3 (22. Ba3 Qd4 {Karpov}) (
22. Be5 Bf6 $1 23. Bxf6 Nf4 {Karpov}) 22... Nf4 $1 (22... Qb6 $6 23. a5 Qa6 24.
Re1 $40 {Kasparov}) (22... Qf4 $6 23. Bxe6 fxe6 24. Qxe6+ Rf7 (24... Qf7 25.
Qe3 $1 Qf4 26. Re1 $1 Qxe3 27. Rxe3 Bf6 28. Bxf6 Rxe3 29. Rg7+ $18) 25. Re1 (
25. Bd4 Rd8 $1) 25... Qxf2+ 26. Kh1 Kf8 (26... Qf5 27. Qxf5 Rxf5 28. g4 {
/\ Bb4; Rc7}) 27. Rdd1 $1 $40 {Kasparov}) 23. Bxb4 (23. Qf3 $4 Qxc3 $19) 23...
Nxh3+ 24. gxh3 Bxb4 $15 25. Rxc7 b6 (25... Re5 $142 $5 {/\ Rf5 ><f2 Karpov})
26. Rxa7 Kg7 27. Rd7 Rd8 (27... Re5 $6 28. Ra2 $1 (28. Rb1 Bc5 29. Rb3 $1 {
/\ Rf3 Kasparov}) 28... Rf5 29. Rb2 Bc5 30. Rc2 $1 {/\ a5} Rc8 31. Be6 $1 {
/\ Rf7 Makarychev}) 28. Rxd8 Rxd8 29. Rd1 Rd6 30. Rd3 h5 (30... Kf6 $2 31. Rf3+
{Karpov}) 31. Kf1 Rd7 32. Kg2 Bc5 33. Kf1 h4 34. Bc4 Re7 35. Rf3 Bd6 36. Kg2
Rc7 37. Bb3 (37. Bb5 $2 Rc2 {/\ Bc5-/+ Kasparov}) 37... f5 38. Rd3 Bc5 39. Rc3
Kf6 40. Rc4 (40. f4 $6 {Kasparov}) 40... g5 41. Rc2 Ke5 42. Bc4 (42. Rd2 $5 {
Kasparov}) (42. Bc4 Rd7 (42... Bb4 43. Bb3 $1 (43. Kf3 Rd7 (43... Kd4 44. Bd3
$1) 44. Re2+ Kd4 45. Be6) 43... Rd7 44. Re2+ Kf4 45. Be6 Re7 46. Re3) 43. Bb5 {
/\ a5} (43. Be2 $5 Bb4 44. Rc4 Ba5 45. Rc2 Rd4 46. Bb5 Rd1 47. Re2+ Kf4 48. Re3
$10) 43... Rd5 44. Re2+ Kf6 45. Rc2 $10 {Kasparov} (45. Bc4 $10)) 1/2-1/2

[Event "World Championship 33th-KK3"]
[Site "London/Leningrad"]
[Date "1986.08.15"]
[Round "8"]
[White "Kasparov, Garry"]
[Black "Karpov, Anatoly"]
[Result "1-0"]
[WhiteElo "2740"]
[BlackElo "2705"]
[Annotator "ChessBase"]
[PlyCount "61"]
[EventDate "1986.07.??"]
[EventType "match"]
[EventRounds "24"]
[EventCountry "RUS"]
[Source "ChessBase"]

1. d4 d5 2. c4 e6 3. Nc3 Be7 4. cxd5 exd5 5. Bf4 Nf6 6. e3 O-O 7. Bd3 c5 8. Nf3
Nc6 9. O-O Bg4 10. dxc5 Bxc5 11. h3 Bxf3 (11... Bh5 $2 12. g4) 12. Qxf3 d4 13.
Ne4 Be7 $1 14. Rad1 (14. Rfd1 $1 $14) 14... Qa5 $1 15. Ng3 $5 dxe3 16. fxe3
Qxa2 $1 $13 17. Nf5 Qe6 18. Bh6 Ne8 19. Qh5 g6 20. Qg4 Ne5 21. Qg3 Bf6 22. Bb5
Ng7 23. Bxg7 Bxg7 24. Rd6 Qb3 25. Nxg7 Qxb5 26. Nf5 Rad8 27. Rf6 Rd2 28. Qg5
Qxb2 29. Kh1 Kh8 30. Nd4 Rxd4 31. Qxe5 1-0

[Event "World Championship 33th-KK3"]
[Site "London/Leningrad"]
[Date "1986.09.08"]
[Round "14"]
[White "Kasparov, Garry"]
[Black "Karpov, Anatoly"]
[Result "1-0"]
[WhiteElo "2740"]
[BlackElo "2705"]
[Annotator "ChessBase"]
[PlyCount "81"]
[EventDate "1986.07.??"]
[EventType "match"]
[EventRounds "24"]
[EventCountry "RUS"]
[Source "ChessBase"]

1. e4 e5 2. Nf3 Nc6 3. Bb5 a6 4. Ba4 Nf6 5. O-O Be7 6. Re1 b5 7. Bb3 d6 8. c3
O-O 9. h3 Bb7 10. d4 Re8 11. Nbd2 Bf8 12. a4 h6 13. Bc2 exd4 14. cxd4 Nb4 15.
Bb1 c5 16. d5 Nd7 17. Ra3 c4 18. axb5 axb5 19. Nd4 Rxa3 20. bxa3 Nd3 21. Bxd3
cxd3 22. Bb2 $1 (22. Nxb5 Qa5 (22... Ba6 $44) 23. Nd4 Nc5 $44) 22... Qa5 $1 (
22... Nc5 $6 23. Re3 {/\ N4b3}) 23. Nf5 $1 (23. Re3 $2 Ne5 24. f4 Nc4 $17) (23.
N2b3 $2 Qa4 24. Qxd3 Bxd5 $17) (23. N2f3 $2 Nc5 24. Nb3 Nxb3 25. Qxb3 d2 26.
Re2 Qa4 27. Qxa4 bxa4 28. Nxd2 Bxd5 $15) 23... Ne5 $6 (23... g6 $1 24. Nb3 (24.
Re3 $6 Ne5) 24... Qa4 25. Qxd3 Ne5 (25... gxf5 $6 26. Qg3+ Kh7 27. Qf3 Ne5 (
27... Re5 28. Bxe5 Nxe5 29. Qxf5+ Kg8 30. Nc5 $1 $16) 28. Qxf5+ Kg8 29. Re3 Ng6
30. Rf3 Re7 31. Bd4 $1 $16) 26. Bxe5 (26. Qg3 Bxd5 $1) 26... Rxe5 27. f4 Re8
28. Ng3 $13) 24. Bxe5 $1 dxe5 (24... Rxe5 25. Nf3 Rxf5 26. exf5 Bxd5 27. Re3
$16) 25. Nb3 Qb6 (25... Qxa3 $5 26. Qxd3 g6 27. Ne3 Qa6 $14) 26. Qxd3 Ra8 $6 (
26... Bc8) 27. Rc1 $1 g6 $1 28. Ne3 Bxa3 29. Ra1 $1 Ra4 30. Ng4 Bf8 31. Rc1 $1
Qd6 $2 32. Nc5 Rc4 33. Rxc4 bxc4 34. Nxb7 cxd3 35. Nxd6 Bxd6 36. Kf1 Kg7 37. f3
f5 38. Nf2 d2 39. Ke2 Bb4 40. Nd3 Bc3 41. Nc5 1-0

[Event "World Championship 33th-KK3"]
[Site "London/Leningrad"]
[Date "1986.09.15"]
[Round "16"]
[White "Kasparov, Garry"]
[Black "Karpov, Anatoly"]
[Result "1-0"]
[WhiteElo "2740"]
[BlackElo "2705"]
[Annotator "ChessBase"]
[PlyCount "81"]
[EventDate "1986.07.??"]
[EventType "match"]
[EventRounds "24"]
[EventCountry "RUS"]
[Source "ChessBase"]

1. e4 e5 2. Nf3 Nc6 3. Bb5 a6 4. Ba4 Nf6 5. O-O Be7 6. Re1 b5 7. Bb3 d6 8. c3
O-O 9. h3 Bb7 10. d4 Re8 11. Nbd2 Bf8 12. a4 h6 13. Bc2 exd4 14. cxd4 Nb4 15.
Bb1 c5 16. d5 Nd7 17. Ra3 c4 18. Nd4 Qf6 {N} 19. N2f3 Nc5 (19... Nd3 $5 20.
Bxd3 (20. Rxd3 $5 cxd3 21. axb5 $44) 20... b4 $1 21. Bxc4 $1 (21. Ra1 $6 cxd3
22. Qxd3 Nc5 23. Qc4 a5 $1 24. Nb5 Rac8 $15) 21... bxa3 22. b3 $13) 20. axb5
axb5 21. Nxb5 (21. Rxa8 $2 Rxa8 22. Nxb5 Ra1 23. Nc3 Nbd3 24. Rf1 Nb3 $17)
21... Rxa3 22. Nxa3 Ba6 (22... Nbd3 23. Bxd3 Nxd3 24. Re3 $1 Ba6 $1 (24... Nxb2
$6 25. Bxb2 Qxb2 26. Nxc4 $16) 25. Qa4 (25. Qc2 $5 $14) 25... Ra8 26. Bd2 Qxb2
(26... Nxb2 $6 27. Qc2 Nd3 28. Nxc4 Qa1+ 29. Ne1 $1 $16) 27. Nxc4 Qb1+ 28. Be1
Nc5 29. Qc6 Rc8 30. Qb6 Rb8 31. Qxb1 Rxb1 $44) 23. Re3 Rb8 $1 (23... Ncd3 $2
24. Bxd3 cxd3 25. Qa4 Rb8 26. Bd2 $1 Qxb2 27. Re1 $1 $16) (23... Nbd3 $2 24.
Bxd3 cxd3 25. b4 Nxe4 26. b5 Bb7 27. Rxd3 $1 Nc3 28. Bb2 Nxd1 29. Bxf6 Nxf2 30.
Kxf2 gxf6 31. Nc4 $16) (23... g6 $2 24. Bd2 $1 Qxb2 25. Bc3 Qxa3 26. Qd4 Re5
27. Nxe5 Nb3 (27... Bg7 28. Qd2 $1 $16) 28. Qa7 $1 dxe5 29. Rf3 $16) 24. e5 $1
dxe5 25. Nxe5 Nbd3 $2 (25... Ncd3 $1 26. Ng4 $1 Qd4 $1 27. Nc2 $1 Nxc2 28. Bxc2
Bc5 $1 $13) 26. Ng4 $2 (26. Qc2 $1 Rb4 27. Nc6 Rb7 28. Re8 g6 $1 29. Be3 $1
Rxb2 30. Bd4 Rxc2 31. Bxf6 Rc1+ 32. Kh2 Nd7 33. Bd4 c3 34. Bxd3 $1 Bxd3 35. Rd8
c2 $1 36. Nxc2 Rxc2 37. Rxd7 $16) 26... Qb6 $1 27. Rg3 g6 $1 28. Bxh6 Qxb2 29.
Qf3 $1 Nd7 $6 30. Bxf8 Kxf8 31. Kh2 $1 Rb3 $1 32. Bxd3 cxd3 $2 (32... Rxa3 $1
$10) 33. Qf4 Qxa3 $2 34. Nh6 Qe7 35. Rxg6 Qe5 36. Rg8+ Ke7 37. d6+ $18 Ke6 38.
Re8+ Kd5 39. Rxe5+ Nxe5 40. d7 Rb8 41. Nxf7 1-0